Programa de bachillerato bilingue y diplomado en inglés conversacional. Consultoría para la evaluación dela gestión educativa y administrativa dela Regional de Educación No.10 (Record no. 8239)

MARC details
000 -LEADER
campo de control de longitud fija 00513nam a2200133Ia 4500
001 - NÚMERO DE CONTROL
campo de control 2866
008 - DATOS DE LONGITUD FIJA--INFORMACIÓN GENERAL
campo de control de longitud fija 241024s9999 xx 000 0 und d
082 ## - NÚMERO DE LA CLASIFICACIÓN DECIMAL DEWEY
Número de clasificación RD/420/R426p/2012
100 ## - ENTRADA PRINCIPAL--NOMBRE DE PERSONA
Nombre de persona República Dominicana. Ministerio de Educación
245 #0 - MENCIÓN DEL TÍTULO
Título Programa de bachillerato bilingue y diplomado en inglés conversacional. Consultoría para la evaluación dela gestión educativa y administrativa dela Regional de Educación No.10
260 ## - PUBLICACIÓN, DISTRIBUCIÓN, ETC.
Nombre del editor, distribuidor, etc. Santo Domingo
Fecha de publicación, distribución, etc. 2012
901 ## - ELEMENTOS DE DATOS A LOCAL LDA (RLIN)
a 9/4/2013 2:44:46 p.m.

No items available.

© 2024. Todos los Derechos Reservados. Desarrollado por IDEICE